Mental health in the Metropolis the Midtown Manhattan study (Record no. 1444578)

MARC details
000 -LEADER
fixed length control field 00619nam a2200205Ia 4500
005 - DATE AND TIME OF LATEST TRANSACTION
control field 20250923144902.0
008 - FIXED-LENGTH DATA ELEMENTS--GENERAL INFORMATION
fixed length control field 008 250917s9999 xx 000 0 eng d
037 ## - SOURCE OF ACQUISITION
Stock number Textual
040 ## - CATALOGING SOURCE
Original cataloging agency DSWL
Language of cataloging eng
Transcribing agency DSWL
041 ## - LANGUAGE CODE
Language code of text/sound track or separate title eng
Source of code eng
084 ## - COLON CLASSIFICATION NUMBER
Classification number L7:4:691.73C.N5u, K2
Assigning agency DSWL
100 ## - MAIN ENTRY--PERSONAL NAME
Personal name Srole, Leo
9 (RLIN) 829439
245 #0 - TITLE STATEMENT
Title Mental health in the Metropolis the Midtown Manhattan study
Statement of responsibility, etc. by Leo Srole
260 ## - PUBLICATION, DISTRIBUTION, ETC.
Place of publication, distribution, etc. New York
Name of publisher, distributor, etc. McGraw Hill Book
Date of publication, distribution, etc. 1962
300 ## - PHYSICAL DESCRIPTION
Extent xii,428p.
365 ## - TRADE PRICE
Price type code INR
Price amount 9.95
925 ## -
-- 9.95
942 ## - ADDED ENTRY ELEMENTS (KOHA)
Koha item type Textual
Classification part L7:4:691.73C.N5u, K2
Holdings
Withdrawn status Lost status Damaged status Not for loan Home library Current library Date acquired Total Checkouts Full call number Barcode Date last seen Price effective from Koha item type
        Department of Social Work Library Department of Social Work Library 2025-09-23   L7:4:691.73C.N5u, K2 SW0009690 2025-09-23 2025-09-23 Textual
Copyright @ Delhi University Library System